都道府県民歌 - Statistics

General Stats
  • This quiz has been taken 22 times
  • The average score is 12 of 47
Answer Stats
都道府県 制定年 曲名 % Correct
長野県 1968年 信濃の国
80%
宮崎県 1964年 宮崎県民歌
40%
秋田県 1930年 秋田県民歌
35%
秋田県 1959年 県民の歌
35%
山形県 1982年 最上川
35%
栃木県 1962年 県民の歌
35%
福井県 2014年 新福井県民歌
35%
香川県 1954年 香川県民歌
35%
北海道 1967年 光あふれて
30%
岩手県 1965年 岩手県民の歌
30%
京都府 1984年 京都府の歌
30%
山口県 1963年 山口県民の歌
30%
徳島県 1971年 徳島県民の歌
30%
愛媛県 1973年 愛媛の歌
30%
高知県 1952年 高知県民の歌
30%
佐賀県 1974年 佐賀県民の歌
30%
長崎県 1961年 南の風
30%
熊本県 1959年 熊本県民の歌
30%
鹿児島県 1948年 鹿児島県民の歌
30%
沖縄県 1972年 沖縄県民の歌
30%
青森県 2001年 青い森のメッセージ
25%
茨城県 1963年 茨城県民の歌
25%
千葉県 1963年 千葉県民歌
25%
神奈川県 1950年1968年 光あらたに
25%
富山県 1958年 富山県民の歌
25%
石川県 1959年 石川県民の歌
25%
岐阜県 1955年 岐阜県民の歌
25%
滋賀県 1954年 滋賀県民の歌
25%
兵庫県 1947年 兵庫県民歌
25%
奈良県 1968年 奈良県民の歌
25%
和歌山県 1948年 和歌山県民歌
25%
岡山県 1957年 岡山県の歌
25%
宮城県 1946年 輝く郷土
20%
埼玉県 1965年 埼玉県歌
20%
東京都 1947年 東京都歌
20%
新潟県 1948年 新潟県民歌
20%
山梨県 1950年 山梨県の歌
20%
三重県 1964年 三重県民歌
20%
鳥取県 1968年 わきあがる力
20%
島根県 1952年 薄紫の山脈
20%
福岡県 1970年 希望の光
20%
群馬県 1968年 群馬県の歌
15%
静岡県 1968年 静岡県歌
15%
愛知県 1950年 われらが愛知
15%
北海道 1967年 むかしのむかし
10%
北海道 1967年 北海ばやし
10%
福島県 1967年 福島県県民の歌
10%
No matching quizzes found
Score Distribution
Percent of People with Each Score
Percentile by Number Answered
Your Score History
You have not taken this quiz